| 000 | 01209cam a22002651 4500 | ||
|---|---|---|---|
| 001 | sd 43000018 | ||
| 003 | DLC | ||
| 005 | 20260227112734.0 | ||
| 008 | 821015s1936 cc f100 0 eng c | ||
| 010 | _asd 43000018 | ||
| 035 | _a(OCoLC)8864974 | ||
| 040 |
_aU.S. Dept. of state. Libr. _cICarbS _dDLC |
||
| 042 | _apremarc | ||
| 050 | 0 | 0 |
_aDU1 _b.I5 1936 vol. 4, no. 3 |
| 082 | _a330.951 | ||
| 100 | 1 | _aFang, Hsien-tʻing, | |
| 245 | 1 | 0 |
_aToward economic control in China, _cby H.D. Fong ... |
| 260 |
_a[Shanghai] _bChina institute of Pacific relations, _c1936. |
||
| 300 |
_a2 p. l., 91 p. _bfold. map. _c22 cm. |
||
| 490 | 0 |
_aPapers presented at the sixth conference of the Institute of Pacific relations, Yosemite national park, California, August 15 to 29, 1936 ... _vv. 4 [no. 3] |
|
| 500 | _a"Preliminary paper prepared for the sixth conference of the Institute of Pacific relations held at Yosemite, California, August 15-29, 1936." | ||
| 501 |
_aWith : New monetary system of China / Wei-ying Lin. [Shanghai] China institute of Pacific relations, 1936. Bound together subsequent to publication. _5DLC |
||
| 651 | 0 |
_aChina _xEconomic policy. |
|
| 710 | 2 | _aChina Institute of Pacific Relations. | |
| 999 |
_c89918 _d89918 |
||